000 00752nam a2200217Ii 4500
003 JO-AjNU
008 230605s9999||||xx |||||||||||||| ||und||
017 _a1995/9/1015
040 _aJO-AjNU
_bara
_erda
_cJO-AjNU
041 _aara
050 1 4 _aGB281.K42 2001
100 3 _aالخفاف، عبد علي، م.مشارك محمد احمد عقلة المومني,
_eauthor
_947260
245 0 0 _aمدخل لجغرافية الوطن العربي
250 _aط1
264 3 1 _aاربد: دار الكندي للنشر والتوزيع، 2001
300 _a283ص
336 _atext
_btxt
_2rdacontent
337 _aunmediated
_bn
_2rdamedia
338 _avolume
_bnc
_2rdacarrier
650 4 _aالبلاد العربية - جغرافيا
_947261
999 _aA20618
_c24186
_d24186